=LDR 00000nam 2200000 4500 =001 INLIS000000000035056 =005 20130612140936 =008 ***********************************Ind** =035 ##$$a0010-061300000035056 =041 ##$$a Ind =082 ##$$a 2X9 =090 ##$$a 2X9, Ali s =100 ##$$a Ali, K =245 ##$$a Sejarah Islam (Tarikh Pramodern ), K, Ali =260 ##$$a 1996 $b Jakarta =300 ##$$a x, 375 hlm, 17 cm =650 ##$$a Agama Islam =850 ##$$a NBPNMAT =990 ##$$a 0001/BPAP-NTB/20142014